| Tag |
First Indicator |
Second Indicator |
Subfields |
| LEADER |
00000cam a2200000 4500 |
| 001 |
in00000056079 |
| 005 |
20151008052354.0 |
| 008 |
740215s1944 nyub b 00000 eng |
| 010 |
|
|
|a a 44003613
|
| 035 |
|
|
|a (OCoLC)00804350
|
| 035 |
|
|
|9 AAH3031AM
|
| 040 |
|
|
|a DLC
|c PCJ
|d TXA
|d UtOrBLW
|
| 049 |
|
|
|a TXAM
|c [336967]
|
| 050 |
|
0 |
|a LA627
|b .T45
|
| 092 |
|
|
|a 378.4
|b T499u, 1944
|
| 100 |
1 |
|
|a Thorndike, Lynn,
|d 1882-1965.
|
| 245 |
1 |
0 |
|a University records and life in the middle ages /
|c by Lynn Thorndike ...
|
| 264 |
|
1 |
|a New York :
|b Columbia University Press,
|c 1944.
|
| 300 |
|
|
|a xvii, 476 pages :
|b map ;
|c 24 cm.
|
| 336 |
|
|
|a text
|b txt
|2 rdacontent
|
| 337 |
|
|
|a unmediated
|b n
|2 rdamedia
|
| 338 |
|
|
|a volume
|b nc
|2 rdacarrier
|
| 490 |
0 |
|
|a Records of civilization--sources and studies. No. XXXVIII
|
| 504 |
|
|
|a Bibliographical footnotes.
|
| 650 |
|
0 |
|a Universities and colleges
|z Europe.
|
| 650 |
|
0 |
|a Education, Medieval.
|
| 999 |
|
|
|a MARS
|
| 999 |
f |
f |
|s 3a1c105b-412f-38d6-95e2-76c55be3e0a4
|i 9d644944-da05-3b61-bc53-231ab1b217f4
|t 0
|
| 952 |
f |
f |
|p normal
|a Texas A&M University
|b College Station
|c Sterling C. Evans Library
|d Evans: Library Stacks
|t 0
|e LA627 .T45
|h Library of Congress classification
|i unmediated -- volume
|m A14800863471
|
| 998 |
f |
f |
|a LA627 .T45
|t 0
|l Evans: Library Stacks
|